Literary Vocabulary V Quiz Stats

 Plays Quiz not verified by Sporcle

Challenge
Share
Tweet
Embed
Score 0/55 Timer 20:00
0 Plays Today
% Correct
frenetic
95%
pariah
93.9%
affable
92.3%
harridan
92.3%
icarian
92.3%
insolvent
92.3%
teetotalism
92.3%
jaunt
90%
guileless
87.9%
ennui
84.8%
purblind
84.8%
trammels
84.8%
culvert
84.6%
defrock
84.6%
laconic
84.6%
ossuary
84.6%
slatternly
84.6%
succor
84.6%
wan
84.6%
effluvium
78.8%
aquiline
76.9%
bantam
75.8%
fastidious
75.8%
dottle
72.7%
apricate
69.7%
chancre
69.7%
bellicose
69.2%
foist
69.2%
% Correct
griskin
69.2%
impugn
69.2%
precept
69.2%
ruderal
69.2%
sarcous
69.2%
unguent
69.2%
vambrace
66.7%
arabesque
65%
vicissitude
65%
macilent
61.5%
qualia
61.5%
triturate
61.5%
contumacious
60.6%
prandial
60%
spurious
54.5%
canaille
53.8%
eleemosynary
53.8%
morass
53.8%
nocent
53.8%
nugatory
53.8%
orotund
53.8%
uberous
53.8%
pharisaical
48.5%
debitage
46.2%
recondite
46.2%
kolk
38.5%
laveer
38.5%

You're not logged in!

Compare scores with friends on all Sporcle quizzes.
Join for Free
OR
Log In

You Might Also Like...

Show Comments

Extras

Top Quizzes Today


Score Distribution

Your Account Isn't Verified!

In order to create a playlist on Sporcle, you need to verify the email address you used during registration. Go to your Sporcle Settings to finish the process.

Report this User

Report this user for behavior that violates our Community Guidelines.

Details: